Obras / (Registro nro. 5)
[ vista simple ]
| 000 -LEADER | |
|---|---|
| fixed length control field | 00744nam a2200253Ia 4500 |
| 003 - CONTROL NUMBER IDENTIFIER | |
| control field | PE SENCICO BE |
| 005 - DATE AND TIME OF LATEST TRANSACTION | |
| control field | 20251020182422.0 |
| 008 - FIXED-LENGTH DATA ELEMENTS--GENERAL INFORMATION | |
| fixed length control field | 200515s9999 xx 000 0 und d |
| 020 ## - INTERNATIONAL STANDARD BOOK NUMBER | |
| International Standard Book Number | 84-8280-105-8 |
| 040 ## - CATALOGING SOURCE | |
| Original cataloging agency | PE SENCICO BE |
| Transcribing agency | PE SENCICO BE |
| 082 ## - DEWEY DECIMAL CLASSIFICATION NUMBER | |
| Classification number | 808.8 |
| Item number | G71 |
| 100 1# - MAIN ENTRY--PERSONAL NAME | |
| Personal name | Gonzales Prada, Manuel |
| 9 (RLIN) | 2071 |
| Relator term | 1844-1918 |
| 240 ## - UNIFORM TITLE | |
| Uniform title | Pájinas libres |
| 245 10 - TITLE STATEMENT | |
| Title | Obras / |
| Statement of responsibility, etc. | Manuel Gonzáles Prada |
| 246 ## - VARYING FORM OF TITLE | |
| Title proper/short title | Nuevas páginas libres |
| 260 ## - PUBLICATION, DISTRIBUTION, ETC. | |
| Place of publication, distribution, etc. | Lima : |
| Name of publisher, distributor, etc. | COPÉ ; |
| Date of publication, distribution, etc. | 1991 |
| 300 ## - PHYSICAL DESCRIPTION | |
| Extent | 492 p. : |
| Dimensions | 20 cm. |
| 500 ## - GENERAL NOTE | |
| General note | La biblioteca tiene el tomo 1 |
| 650 10 - SUBJECT ADDED ENTRY--TOPICAL TERM | |
| Topical term or geographic name entry element | Ensayos peruanos |
| 9 (RLIN) | 2072 |
| 650 20 - SUBJECT ADDED ENTRY--TOPICAL TERM | |
| Topical term or geographic name entry element | Literatura peruana |
| 9 (RLIN) | 2030 |
| 650 20 - SUBJECT ADDED ENTRY--TOPICAL TERM | |
| Topical term or geographic name entry element | Ensayos políticos |
| 9 (RLIN) | 2073 |
| 700 1# - ADDED ENTRY--PERSONAL NAME | |
| 9 (RLIN) | 2074 |
| Personal name | Sánchez, Luis Alberto |
| 942 ## - ADDED ENTRY ELEMENTS (KOHA) | |
| Koha item type | Libros |
| Source of classification or shelving scheme | Dewey Decimal Classification |
| Fecha de la última vez que lo usaron | Número de ingreso o de inventario | Pago total | Signatura topográfica completa | Código de barras | Precio efectivo desde | Tipo de documento | Estado perdido | Sistema de clasificación | Estado dañado | No es para préstamo | Retirado | Ubicación permanente | Ubicación actual | Fecha de adquisición |
|---|---|---|---|---|---|---|---|---|---|---|---|---|---|---|
| 15/05/2020 | 12425 | 808.8/G71/1991 | BibLima24040011 | 15/05/2020 | Libros | Dewey Decimal Classification | Biblioteca Central Lima | Biblioteca Central Lima | 15/05/2020 | |||||
| 15/05/2020 | 12426 | 808.8/G71/1991/ej. 2 | BibLima24040012 | 15/05/2020 | Libros | Dewey Decimal Classification | Biblioteca Central Lima | Biblioteca Central Lima | 15/05/2020 |